01226nam a2200241 a 450000100060000000300090000600800410001502000150005604000280007108200170009910000470011624500820016325000110024526000420025630000100029850503680030865000450067665000440072165000380076594200120080399900170081595201520083222747CO-ViMGA141112s2004 ck r 000 u spa d a9588235308 aCO-ViMGAbspacCO-ViMGA04a323.42 S817p1 aSuárez Varón, Martín Leonardo93246510aPrincipio de igualdad en la Constitución y la Jurisprudencia Constitucional a1a ed. aColombia : bBiblioteca Juridica Dike a165p. aEl principio de desigualda.antecedentes de su consagracion constitucional, La teoria del derecho de igualdad, La estructura de las normas relativas al derecho de igualda contenidas en la Constitucion Política de 1991, La competencia para determinar los criterios relevantes para establecer una igualdad y una desigualdad de tarto conforme a la constitucion, 14aCOLOMBIA - DERECHO CONSTITUCIONAL92351914aIGUALDAD ANTE LA LEY - COLOMBIA 92270014aJURISPRUDENCIA - COLOMBIA 932466 2ddccBK c31045d31045 00102ddc40708002aMEVIECARbMEVIECARd2015-12-04hVolumen. 1 | 19/oct/2009l0o323.42 S817p p22747r2018-09-28 00:00:00tEj. 1w2015-12-04yBK